000 00610nam a22001937a 4500
003 OSt
005 20150408113835.0
008 110628t xxu||||| |||| 00| 0 eng d
020 _a9773791025
040 _amu
_bara
_cmb
082 _221
_a341
_bم ج ق
100 _aمانع ، جمال عبدالناصر
_9629
245 _aالقانون الدولي العام
_cجمال عبدالنصر مانع
250 _aط1
260 _aالاسكندرية
_bدار الفكر الجامعي
_c2010
300 _a890 ص
_c24 سم
650 _aالقانون الدولي العام
_9627
942 _2ddc
_cBOOK
999 _c8751
_d243251